000 00825nas a2200301 4500
001 BR9406526
003 BR-BrBNA
005 20231205093800.0
007 ta
008 230509b bl.|||p| |||| 00| 00por d
040 _aBR-BrBNA
_bpor
_cBiblioteca Nacional de Agricultura
041 _a(En)
072 _aL70
100 1 _aSilva, M.C. da
100 1 _aQueiroz, W.T. de
100 1 _aLau, H.D.
100 1 _aVale, W.G.
245 1 _aColostrum and serum protein levels in water buffaloes
650 _aBufalo
650 _aBezerro
650 _aColostro
650 _aSoro
650 _aAlbumina
650 _aProteina
773 0 _tPesquisa Agropecuaria Brasileira (Brazil)
_xISSN 0100-204X
_g(Jun 1993), v. 28(6) p. 751-757
_wBR9406526
909 _a202311
_bLúcia
_c55
_dLúcia Elande
942 _2AGRIS
_n0
_cANA
999 _c140373
_d140373